000 00509nam a22001937a 4500
003 OSt
005 20170302133313.0
008 170302b xxu||||| |||| 00| 0 eng d
020 _a0521435323
040 _cDDC.
082 _a530.11HEY 1997.
100 _aHey,Tony;Walters,Patrick;
_911728
245 _aEinstein's Mirror;
260 _aCambridge ;
_bCambridge University Press.
_c1997.
300 _axii,291p;
_bill;
_c26cm.
504 _aincludes index.
650 _aPhysics.
_9809
942 _2ddc
_cO_SHELF
999 _c5619
_d5619